[Event "Haarlem Nova College op 1st"]
[Site "Haarlem"]
[Date "2002.07.07"]
[Round "5"]
[White "Sala, Frank"]
[Black "Adamson, Arantes"]
[Result "1-0"]
[WhiteElo "1700"]
[BlackElo "1600"]
[PlyCount "91"]
[EventDate "2002.07.05"]
[EventType "swiss"]
[EventRounds "6"]
[EventCountry "NED"]
[SourceTitle "CBM 089 Extra"]
[Source "ChessBase"]
[SourceDate "2002.09.10"]
[SourceVersion "2"]
[SourceVersionDate "2002.09.10"]
[SourceQuality "1"]

1. e4 e5 2. Nf3 d6 3. d4 exd4 4. Nxd4 Nf6 5. Nc3 Be7 6. Bf4 a6 7. Bc4 b6 8. Qd2 Bb7 9. a3 b5 10. Ba2 Nbd7 11. Nf5 0-0 12. 0-0-0 Qe8 13. Qe3 Ne5 14. f3 Ng6 15. Bh6 gxh6 16. Qxh6 Nh5 17. g4 Bg5+ 18. Qxg5 Ng7 19. Rdf1 Qd8 20. Qh6 Qf6 21. Nxg7 Qxg7 22. Qg5 c5 23. Bd5 Bxd5 24. Nxd5 f6 25. Qd2 Ne5 26. h4 Nc4 27. Qc3 Rab8 28. g5 f5 29. Nf6+ Kh8 30. exf5 Ne5 31. f4 b4 32. Qb3 bxa3 33. Qxa3 Nc4 34. Qc3 Nxb2 35. h5 h6 36. Nd5 Qxc3 37. Nxc3 Rxf5 38. Rhg1 hxg5 39. fxg5 Rxf1+ 40. Rxf1 Nc4 41. Rf7 Ne5 42. Ra7 Nf3 43. g6 Re8 44. Nd5 Re5 45. Nf6 Rg5 46. Rh7# 1-0

[Event "Haarlem Nova College op 1st"]
[Site "Haarlem"]
[Date "2002.07.06"]
[Round "3"]
[White "Adamson, Arantes"]
[Black "Loos, Jeroen"]
[Result "1/2-1/2"]
[WhiteElo "1600"]
[BlackElo "1516"]
[PlyCount "62"]
[EventDate "2002.07.05"]
[EventType "swiss"]
[EventRounds "6"]
[EventCountry "NED"]
[SourceTitle "CBM 089 Extra"]
[Source "ChessBase"]
[SourceDate "2002.09.10"]
[SourceVersion "2"]
[SourceVersionDate "2002.09.10"]
[SourceQuality "1"]

1. e4 d6 2. Nf3 Nf6 3. d3 g6 4. b3 Bg7 5. Bb2 e5 6. Be2 Nc6 7. Nbd2 a6 8. d4 exd4 9. Nxd4 Bd7 10. 0-0 0-0 11. Re1 Re8 12. Bd3 Ne5 13. N2f3 Nfg4 14. Nxe5 Nxe5 15. Rb1 b5 16. Be2 Bc6 17. f3 d5 18. exd5 Qxd5 19. c4 bxc4 20. bxc4 Qd6 21. Nb3 Rad8 22. c5 Qxd1 23. Rexd1 Bb5 24. Bxb5 axb5 25. Rxd8 Rxd8 26. Na5 Rd5 27. f4 Nd7 28. Bxg7 Kxg7 29. Rxb5 Rxc5 30. Rxc5 Nxc5 31. Nc6 Kf6 1/2-1/2